000 00598nam a2200181 a 4500
008 120416s1977 ||||||||||||||||| || u
020 _a0470843047
050 _aTH 7413 Szo
100 _aSzokolay, Steven V
245 1 0 _aSolar energy and building. (2nd ed.)
250 _a2nd ed.
260 _aLondon:
_bArchitectural Press
_c1977
300 _ax, 174p. : ill.
350 _a0.00
650 _aBUILDING
650 _aSOLAR BUILDINGS
995 _D0.00
_FCBU-MAIN LIBRARY (Kitwe)
_H1
_I0.00
_M1
_UAVAILABLE
_ZMain Library Open Access Collection
999 _c57864
_d57864